"Thanks" in 25 languages - Statistics

General Stats
  • This quiz has been taken 36 times
  • The average score is 6 of 25
Answer Stats
Hint Answer % Correct
Spanish Gracias
97%
French Merci
97%
German Danke
91%
Italian Grazie
70%
Portuguese Obrigado/Obrigada
61%
Russian Spisiba
52%
Arabic Shukraan
30%
Mandarin Xièxie
30%
Japanese Dōmo
24%
Tagalog Salamat
9%
Turkish Teşekkürler
9%
Vietnamese Cảm ơn
6%
Ukranian Dyakuyu
3%
Polish Dzięki
3%
Korean Gamsahamnida
3%
Thai Khop khun
3%
Zulu Ngiyabonga
3%
Urdu Shukriaa
3%
Persian Kheily mamnoon
0%
Burmese Kyay zuu par
0%
Indonesian Makasih
0%
Javanese Matur nuwun
0%
Hausa Na gode
0%
Sundanese Nuhun
0%
Yoruba O se
0%
No matching quizzes found
Score Distribution
Percent of People with Each Score
Percentile by Number Answered
Your Score History
You have not taken this quiz